[Event "Titled Tuesday intern op 22nd Aug Early"]
[Site "Chess.com INT"]
[Date "2023.08.22"]
[Round "5"]
[White "Ottosen, David"]
[Black "Gao, Raymond"]
[Result "0-1"]
[WhiteElo "2067"]
[BlackElo "1938"]
[PlyCount "92"]
[EventDate "2023.08.22"]
[EventType "swiss (blitz)"]
[EventRounds "11"]
[EventCountry "USA"]
[SourceTitle "EXT 2024"]
[Source "ChessBase"]
[SourceDate "2023.10.10"]
[SourceVersion "1"]
[SourceVersionDate "2023.10.10"]
[SourceQuality "1"]

1. e4 c5 2. Nf3 Nc6 3. d4 cxd4 4. Nxd4 g6 5. Nc3 Bg7 6. Be3 Nf6 7. Bc4 Qa5 8. 0-0 Qb4 9. Nxc6 bxc6 10. Bd3 d5 11. exd5 Nxd5 12. Nxd5 cxd5 13. Qe2 0-0 14. c3 Qd6 15. Rad1 a5 16. f4 a4 17. a3 Bd7 18. f5 Rab8 19. Rf2 Be5 20. Bh6 Bxh2+ 21. Kh1 Rfe8 22. Qf3 Qg3 23. Rdf1 Qxf3 24. Rxf3 Be5 25. fxg6 fxg6 26. R1f2 Bg4 27. Rf7 Be6 28. R7f3 Bg7 29. Bc1 Rf8 30. Bc2 Bd7 31. Bg5 e5 32. Rxf8+ Rxf8 33. Rd2 d4 34. cxd4 exd4 35. Be7 Rf1+ 36. Kh2 Be5+ 37. g3 Bc6 38. Kh3 Kf7 39. Bc5 h5 40. Kh4 Bf6+ 41. Kh3 g5 42. g4 Rh1+ 43. Kg3 h4+ 44. Kf2 Rh2+ 45. Ke1 Rxd2 46. Kxd2 h3 0-1

[Event "Titled Tuesday intern op 23rd May Late"]
[Site "Chess.com INT"]
[Date "2023.05.23"]
[Round "1"]
[White "Ottosen, David"]
[Black "Bruedigam, Martin"]
[Result "0-1"]
[WhiteElo "2067"]
[BlackElo "2381"]
[PlyCount "84"]
[EventDate "2023.05.23"]
[EventType "swiss (blitz)"]
[EventRounds "11"]
[EventCountry "USA"]
[SourceTitle "EXT 2024"]
[Source "ChessBase"]
[SourceDate "2023.10.10"]
[SourceVersion "1"]
[SourceVersionDate "2023.10.10"]
[SourceQuality "1"]

1. e4 c6 2. d4 d5 3. e5 Bf5 4. Nf3 e6 5. Be2 Nd7 6. 0-0 a5 7. Re1 a4 8. a3 h6 9. Be3 Qb6 10. Qc1 Ne7 11. Nbd2 Bh7 12. Nf1 Ng6 13. Ng3 Be7 14. c3 0-0 15. Bxh6 gxh6 16. Qxh6 Rfc8 17. Nh5 Bf8 18. Qg5 Qd8 19. Qg3 Be7 20. Bd3 Qf8 21. Ng5 Qh6 22. Nxh7 Kxh7 23. Nf4 Ndf8 24. Re3 Bg5 25. Rf3 Kg7 26. Nh3 Be7 27. Rf4 c5 28. Rg4 cxd4 29. cxd4 Rc1+ 30. Rxc1 Qxc1+ 31. Bf1 Rc8 32. Nf4 Qd2 33. h4 Rc1 34. h5 Rxf1+ 35. Kh2 Qd1 36. Rxg6+ fxg6 37. Nxe6+ Nxe6 38. Qxg6+ Kf8 39. Qxe6 Rh1+ 40. Kg3 Qxh5 41. Qc8+ Kf7 42. e6+ Kf6 0-1

[Event "Titled Tuesday intern op 23rd May Late"]
[Site "Chess.com INT"]
[Date "2023.05.23"]
[Round "7"]
[White "Ottosen, David"]
[Black "Shapiro, Daniel E"]
[Result "0-1"]
[WhiteElo "2067"]
[BlackElo "2284"]
[PlyCount "42"]
[EventDate "2023.05.23"]
[EventType "swiss (blitz)"]
[EventRounds "11"]
[EventCountry "USA"]
[SourceTitle "EXT 2024"]
[Source "ChessBase"]
[SourceDate "2023.10.10"]
[SourceVersion "1"]
[SourceVersionDate "2023.10.10"]
[SourceQuality "1"]

1. e4 c5 2. Nf3 e6 3. d4 cxd4 4. Nxd4 a6 5. Bd3 g6 6. Be3 Bg7 7. Nc3 Ne7 8. Qd2 d5 9. 0-0-0 e5 10. exd5 exd4 11. Bg5 dxc3 12. Qe3 cxb2+ 13. Kb1 h6 14. d6 hxg5 15. dxe7 Qxe7 16. Qb6 Be6 17. Rhe1 Nd7 18. Qxb7 Rb8 19. Qxa6 0-0 20. Bxg6 Ra8 21. Bxf7+ Kxf7 0-1

[Event "Douglas IoM op"]
[Site "Douglas"]
[Date "2016.10.07"]
[Round "7"]
[White "Ottosen, David"]
[Black "Van Foreest, Lucas"]
[Result "0-1"]
[WhiteElo "2105"]
[BlackElo "2350"]
[PlyCount "114"]
[EventDate "2016.10.01"]
[EventType "swiss"]
[EventRounds "9"]
[EventCountry "IOM"]
[SourceTitle "EXT 2017"]
[Source "ChessBase"]
[SourceDate "2016.10.25"]
[SourceVersion "1"]
[SourceVersionDate "2016.10.25"]
[SourceQuality "1"]

1. e4 e5 2. Nf3 Nc6 3. Bb5 a6 4. Ba4 Nf6 5. 0-0 Be7 6. Re1 b5 7. Bb3 d6 8. c3 0-0 9. h3 Na5 10. Bc2 c5 11. d4 Qc7 12. Nbd2 Be6 13. Nf1 Rfc8 14. d5 Bd7 15. Ng3 g6 16. Qd3 c4 17. Qe2 Nb7 18. Bd2 Nc5 19. b4 cxb3 20. axb3 a5 21. b4 Na4 22. Bxa4 bxa4 23. Rec1 Qc4 24. Qe1 axb4 25. cxb4 Qd3 26. Qe3 Bb5 27. Qxd3 Rxc1+ 28. Bxc1 Bxd3 29. Nd2 Rc8 30. f3 Bd8 31. Ndf1 Nd7 32. Be3 Nb6 33. Nd2 Rc2 34. Nh1 f5 35. Nf2 Bb5 36. f4 exf4 37. Bxf4 g5 38. Nf3 gxf4 39. Nd4 Rxf2 40. Kxf2 Bf6 41. Rd1 Bd7 42. exf5 a3 43. Kf3 a2 44. Ke4 Bxf5+ 45. Nxf5 Na4 46. Rc1 Bb2 47. Re1 Nc3+ 48. Kxf4 Nxd5+ 49. Ke4 Nc3+ 50. Kd3 Nb1 51. Kc2 a1Q 52. Rxb1 Qa4+ 53. Kxb2 Qxb4+ 54. Kc1 Qc3+ 55. Kd1 Qd3+ 56. Kc1 Qxf5 57. Rb2 Qf1+ 0-1

[Event "BCF-chT3Nd 1516 (4NCL)"]
[Site "England"]
[Date "2016.05.02"]
[Round "11.106"]
[White "Ottosen, David"]
[Black "Collins, Richard Arnold"]
[Result "1/2-1/2"]
[WhiteElo "2106"]
[BlackElo "1930"]
[PlyCount "36"]
[EventDate "2016.03.20"]
[EventType "team-swiss"]
[EventRounds "11"]
[EventCountry "ENG"]
[SourceTitle "EXT 2017"]
[Source "ChessBase"]
[SourceDate "2016.10.25"]
[SourceVersion "1"]
[SourceVersionDate "2016.10.25"]
[SourceQuality "1"]
[WhiteTeam "Manx Ravens"]
[BlackTeam "Manchester Manticores III"]
[WhiteTeamCountry "ENG"]
[BlackTeamCountry "ENG"]

1. e4 c6 2. d4 d5 3. e5 Bf5 4. Nf3 e6 5. Be2 Nd7 6. 0-0 c5 7. c4 Ne7 8. Nc3 dxc4 9. Bxc4 a6 10. Qa4 Nc6 11. Qd1 cxd4 12. Nxd4 Nxd4 13. Qxd4 Bc5 14. Qf4 0-0 15. Ne4 Qb6 16. b3 Bd4 17. Be3 Bxe5 18. Qxe5 Nxe5 1/2-1/2

[Event "Blackpool op 40th"]
[Site "Blackpool"]
[Date "2016.03.13"]
[Round "4"]
[White "Ottosen, David"]
[Black "Paul, Nathanael"]
[Result "1/2-1/2"]
[WhiteElo "2114"]
[BlackElo "1926"]
[PlyCount "87"]
[EventDate "2016.03.11"]
[EventType "swiss"]
[EventRounds "5"]
[EventCountry "ENG"]
[SourceTitle "CBM 171 Extra"]
[Source "ChessBase"]
[SourceDate "2016.04.26"]
[SourceVersion "1"]
[SourceVersionDate "2016.04.26"]
[SourceQuality "1"]

1. e4 c6 2. d4 d5 3. e5 Bf5 4. Nf3 e6 5. Be2 Ne7 6. 0-0 c5 7. c3 Nec6 8. Be3 Nd7 9. Nbd2 cxd4 10. cxd4 Be7 11. Rc1 0-0 12. a3 a5 13. Re1 Rc8 14. Nf1 f6 15. exf6 Nxf6 16. Ng3 Ng4 17. Qb3 Nxe3 18. Qxe3 Qd7 19. Bb5 Bd6 20. Nxf5 exf5 21. Ne5 Bxe5 22. dxe5 f4 23. Qd2 Qe6 24. Bxc6 bxc6 25. f3 Rf5 26. Qd4 c5 27. Rxc5 Rxc5 28. Qxc5 Rxe5 29. Rxe5 Qxe5 30. Kf1 a4 31. Qc8+ Kf7 32. Qd7+ Kg6 33. Qxa4 Qxb2 34. Qc6+ Kh5 35. Qxd5+ g5 36. Qf7+ Kh6 37. Qf8+ Kh5 38. g4+ fxg3 39. Qf7+ Kh6 40. hxg3 Qc1+ 41. Kg2 Qc2+ 42. Kh3 Qc8+ 43. g4 Qxg4+ 44. Kxg4 1/2-1/2

[Event "Douglas PokerStars op"]
[Site "Douglas"]
[Date "2015.10.06"]
[Round "4"]
[White "Ottosen, David"]
[Black "Gaehwiler, Gabriel"]
[Result "0-1"]
[WhiteElo "2096"]
[BlackElo "2328"]
[PlyCount "50"]
[EventDate "2015.10.03"]
[EventType "swiss"]
[EventRounds "9"]
[EventCountry "IOM"]
[SourceTitle "CBM 168 Extra"]
[Source "ChessBase"]
[SourceDate "2015.10.29"]
[SourceVersion "1"]
[SourceVersionDate "2015.10.29"]
[SourceQuality "1"]

1. e4 c5 2. Nf3 d6 3. d4 cxd4 4. Nxd4 Nf6 5. Nc3 a6 6. Be3 e5 7. Nb3 Be6 8. Qd2 Be7 9. f4 exf4 10. Bxf4 Nc6 11. 0-0-0 Ne5 12. Qe1 Qc7 13. Nd4 0-0 14. Kb1 b5 15. Nf5 Rfc8 16. Qd2 Bxf5 17. exf5 b4 18. Na4 Qc6 19. b3 Nd5 20. Qe2 Bf6 21. Rg1 Nf3 22. Qc4 Nxg1 23. Qxc6 Rxc6 24. Bc4 Rxc4 25. bxc4 Ne2 0-1

[Event "CRI-ch qual"]
[Site "San Jose"]
[Date "2005.06.15"]
[Round "4"]
[White "Ottosen, David"]
[Black "Jimenez, Alvarado Alonso"]
[Result "1/2-1/2"]
[WhiteElo "2113"]
[BlackElo "2066"]
[PlyCount "95"]
[EventDate "2005.06.??"]
[EventType "swiss"]
[EventRounds "9"]
[EventCountry "CRI"]
[SourceTitle "EXT 2006"]
[Source "ChessBase"]
[SourceDate "2005.11.24"]
[SourceVersion "1"]
[SourceVersionDate "2005.11.24"]
[SourceQuality "1"]

1. e4 c5 2. Nf3 Nc6 3. Nc3 g6 4. g3 Bg7 5. Bg2 d6 6. 0-0 Bg4 7. h3 Bxf3 8. Bxf3 e6 9. d3 Nge7 10. Be3 0-0 11. Ne2 Nd4 12. Bg2 Rb8 13. c3 Nxe2+ 14. Qxe2 b5 15. d4 cxd4 16. cxd4 d5 17. Bg5 dxe4 18. Qxe4 h6 19. Bf4 Rc8 20. Qb7 Nd5 21. Be5 Bxe5 22. dxe5 Qb6 23. Bxd5 exd5 24. Qxd5 Rc5 25. Qd4 Re8 26. Rae1 Qc7 27. e6 Rxe6 28. Rxe6 fxe6 29. Qe3 Kg7 30. Qxe6 Re5 31. Qg4 h5 32. Qd4 Kh7 33. Rd1 a6 34. Qd7+ Qxd7 35. Rxd7+ Kh6 36. Kf1 Rc5 37. Rd2 h4 38. b3 hxg3 39. fxg3 Rc3 40. Kg2 a5 41. h4 a4 42. bxa4 bxa4 43. Kh3 Re3 44. Kg4 Rc3 45. Kf4 Rc4+ 46. Ke5 Rc3 47. g4 Rh3 48. h5 1/2-1/2

[Event "Southern Alberta op"]
[Site "Calgary"]
[Date "2002.11.16"]
[Round "1"]
[White "Ottosen, David"]
[Black "Kaminski, Victor Kazimierz"]
[Result "1/2-1/2"]
[WhiteElo "2025"]
[BlackElo "1719"]
[PlyCount "101"]
[EventDate "2002.11.16"]
[EventType "swiss"]
[EventRounds "5"]
[EventCountry "CAN"]
[SourceTitle "EXT 2017"]
[Source "ChessBase"]
[SourceDate "2016.10.25"]
[SourceVersion "1"]
[SourceVersionDate "2016.10.25"]
[SourceQuality "1"]

1. e4 e6 2. d4 d5 3. Nc3 Bb4 4. e5 Bxc3+ 5. bxc3 Ne7 6. Qg4 0-0 7. Bg5 c5 8. Bf6 g6 9. Qh4 Qa5 10. Ne2 Nf5 11. Qf4 Nd7 12. g4 Ng7 13. h4 Nxf6 14. exf6 Ne8 15. h5 Qc7 16. Qf3 e5 17. g5 e4 18. Qf4 cxd4 19. cxd4 Bf5 20. hxg6 fxg6 21. Qxc7 Nxc7 22. Nf4 Rad8 23. Bh3 Bxh3 24. Rxh3 Rd6 25. Rb1 b6 26. Rbb3 Ne6 27. Nxe6 Rxe6 28. Rbc3 Ree8 29. Rc7 Rf7 30. Rxf7 Kxf7 31. Rxh7+ Ke6 32. Rxa7 Kf5 33. Rd7 Kxg5 34. f7 Rf8 35. Rxd5+ Kf4 36. Rd7 e3 37. Re7 exf2+ 38. Kxf2 Kf5 39. d5 Kf6 40. d6 Rxf7 41. Rc7 Ke6+ 42. Kg3 Rxc7 43. dxc7 Kd7 44. Kg4 Kxc7 45. Kg5 Kd6 46. Kxg6 Ke6 47. a3 b5 48. Kg5 Kd5 49. Kf5 Kc4 50. Ke5 Kc3 51. Kd5 1/2-1/2